<?xml version="1.0" encoding="UTF-8"?>
<collection xmlns="http://www.loc.gov/MARC21/slim">
 <record>
  <leader>00366pamaa2200133   4500</leader>
  <controlfield tag="001">0000014032</controlfield>
  <controlfield tag="005">20110622090000.0</controlfield>
  <datafield tag="020" ind1="0" ind2="0">
   <subfield code="a">01266195 </subfield>
  </datafield>
  <datafield tag="090" ind1="0" ind2="0">
   <subfield code="a">DS591.5 </subfield>
   <subfield code="b">INF 1998</subfield>
  </datafield>
  <datafield tag="245" ind1="1" ind2="0">
   <subfield code="a">Information Malaysia 1998 yearbook.</subfield>
  </datafield>
  <datafield tag="260" ind1="0" ind2="0">
   <subfield code="a">Kuala Lumpur: </subfield>
   <subfield code="b">Berita Pub., </subfield>
   <subfield code="c">1998.</subfield>
  </datafield>
  <datafield tag="300" ind1=" " ind2=" ">
   <subfield code="a">xii, 780p.: </subfield>
   <subfield code="b">26cm.</subfield>
  </datafield>
  <datafield tag="650" ind1="0" ind2="0">
   <subfield code="a">Yearbooks -- </subfield>
   <subfield code="x">Malaysia </subfield>
  </datafield>
  <datafield tag="710" ind1="1" ind2="1">
   <subfield code="a">Berita Publishing Sdn. Bhd. </subfield>
  </datafield>
 </record>
</collection>
